000 00833nam a2200253 i 4500
001 bg
245 0 0 _aWybrane problemy polityki społeczno-gospodarczej :
_bpraca zbiorowa /
_cpod red. Stanisława Jankowskiego.
260 _aWarszawa :
_bOficyna Wydawnicza Politechniki Warszawskiej,
_c2007.
300 _a251 s. :
_bil. ;
_c23 cm.
650 9 _aGospodarka
_xpolityka
650 9 _aPolityka społeczna
655 _aPodręczniki akademickie
700 1 _aJankowski, Stanisław.
_eRed.
015 _aPB 19224/2007
020 _a9788372076717
040 _cBPK
041 _apol
044 _aPOL
080 _a338.2:304](075.8)
920 _a978-83-7207-671-7
942 _cKS
008 070808s2007 pl a |000 0 pol
999 _c54997
_d54997
856 _uhttp://koha.tu.koszalin.pl/cgi-bin/koha/opac-detail.pl?biblionumber=54997
_yKatalog online BPK